00780nam a22002297a 450000500170000001000130001702000110003003500130004103700160005404000120007008200160008210000250009824500490012326000380017227000580021030000210026865000330028965000450032294200250036799900190039295201390041120170124110254.0 aB-021620 c400.00 aB-021620 bCen Lib/Ret aDPLbEN a954.56bBAL aBalwant Singh 94941 aBeauty of the Himalayas /cby Balwant Singh  bBalwant Singh aSaharanpur c1999 bSaharanpur e247001aA-2/5, purana avas vikas colony  a302p. c21cm(Hb) aBeauty of Himalayas 9108670 aHimalayas -- Cultural Herritage 9108671 2ddccENh954.96mBAL c136111d136111 00104070aLbLd2015-12-16eCen Lib/Retg400.00l2o954.56 BALpB-021620r2022-01-12 00:00:00s2022-01-11t1v400.00w2015-12-16yEN